00806nam a2200253Ia 4500003000400000005001700004008004100021020001800062040000700080041001200087082001500099100002200114245005000136260004600186300001000232365001300242650003000255650003000285700002800315906005200343942001200395999001900407952012600426OSt20250804190759.0210423s1999 xx 000 0 und d a81-7594-035-2 cAL aEnglish a320 bKUMM aRaj Kumar9101299 aMahatma Gandhib: life, ideology and thoughts aNew DelhibMangal Deep Publicationsc1999 av,151 b295cINR aPolitical Science9101300 aPolitical Science9101300 aKumar, Vijendra9233827 aGandhi: ; ideology ; life, ; Mahatma ; thoughts 2ddccBK c171665d171665 001040708MSWaSACPGbSACPGd2001-08-06eBook Worldg295.00l0o320 KUMMpPG018184r2022-08-24 00:00:00w2021-04-26yBK